Historia de las corporaciones de Menestrales en Segovia / (Record no. 47098)

MARC details
000 -LEADER
campo de control de longitud fija 00636nam a2200169 i 4500
001 - NÚMERO DE CONTROL
campo de control 47098
003 - IDENTIFICADOR DE NÚMERO DE CONTROL
campo de control ES-MaACL
005 - FECHA Y HORA DE LA ÚLTIMA TRANSACCIÓN
campo de control 20250924140131.0
007 - CAMPO FIJO DE DESCRIPCIÓN FÍSICA--INFORMACIÓN GENERAL
campo de control de longitud fija t|
008 - DATOS DE LONGITUD FIJA--INFORMACIÓN GENERAL
campo de control de longitud fija 030403s1921 sp ||||1| spa d
100 1# - ENTRADA PRINCIPAL--NOMBRE DE PERSONA
Nombre de persona Lozoya, Juan de Contreras y López de Ayala,
Títulos y otros términos asociados al nombre Marqués de,
Fechas asociadas al nombre 1893-1978
9 (RLIN) 129112
245 10 - MENCIÓN DEL TÍTULO
Título Historia de las corporaciones de Menestrales en Segovia /
Mención de responsabilidad, etc. compuesta por, Marqués de Lozoya ; con un prólogo de Eduardo Ibarra y Rodríguez.
260 ## - PUBLICACIÓN, DISTRIBUCIÓN, ETC.
Lugar de publicación, distribución, etc. Segovia :
Nombre del editor, distribuidor, etc. Mauro Lozano,
Fecha de publicación, distribución, etc. 1921.
700 1# - ENTRADA AGREGADA--NOMBRE PERSONAL
Nombre de persona Ibarra y Rodríguez, Eduardo,
Fechas asociadas al nombre 1866-1944
9 (RLIN) 64967
852 ## - LOCALIZACIÓN
Ubicación ES-MaACL
Número de control de estantería 1609-F-4
Holdings
Estatus retirado Estado de pérdida Estado de daño No para préstamo Colección Biblioteca de origen Biblioteca actual Ubicación en estantería Fecha de adquisición Fuente de adquisición Total de préstamos Signatura topográfica completa Código de barras Visto por última vez Precio de reemplazo Tipo de ítem Koha
        Colección de folletos Biblioteca del Ateneo de Madrid Biblioteca del Ateneo de Madrid Depósito folletos 17/01/2008     1609-F-4 1049540 23/02/2023 23/02/2023 Folleto